Calcul mental instantané #3 - Statistiques

Statistiques générales
  • Ce quiz a été pris 8 774 fois
  • Le résultat moyen est 5 sur 10
Statistiques - réponses
# Hint Réponse % Correct
1 6 x 6 36
100%
2 x 2 72
97%
3 - (4/2) 70
88%
4 x 11 770
80%
5 + 244 1014
54%
6 / 2 507
43%
7 - 328 179
13%
8 - 19 160
10%
9 / 40 4
8%
10 x 4,5 18
4%
Aucun quiz correspondant
Distribution des résultats
% des personnes avec chaque résultat
Percentile par nombre de réponses
Votre historique - résultats
Vous n’avez pas pris ce quiz